Los que fueron : 1956-1966 : CAIC /

Relación de los estudiantes del Instituto de Ciencias que participaron en las excursiones convocadas por el Club de Alpinismo de la institución, entre 1956 y 1966. De cada excursión que se hizo, aparece incluido el lugar que se visitó, la fecha en que sucedió, y los apellidos y sus respectivos grado...

Бүрэн тодорхойлолт

-д хадгалсан:
Номзүйн дэлгэрэнгүй
Байгууллагын зохиогч: Instituto de Ciencias. Club Alpino
Формат: Ном
Хэл сонгох:испани
Хэвлэсэн: Guadalajara, México : Instituto de Ciencias, Club Alpino, ca. 1966
Нөхцлүүд:
Шошгууд: Шошго нэмэх
Шошго байхгүй, Энэхүү баримтыг шошголох эхний хүн болох!

MARC

LEADER 00000nam^a2200000^a^4500
001 000566662
005 20250526000000.0
009 20260310132112.01
037 |a Acervo ITESO - Biblioteca 
041 |a ESP 
082 |a 796. 5220972352  |b INS CAT 1956-1966 
110 |a Instituto de Ciencias.  |b Club Alpino 
240 1 1 |a [Memorias del Club Alpino del Instituto de Ciencias] 
245 1 0 |a Los que fueron :  |b 1956-1966 : CAIC /  |c CAIC. 
264 4 |a Guadalajara, México :  |b Instituto de Ciencias, Club Alpino,  |c ca. 1966 
300 |a [52] p. ;  |c 27.0 cm. 
336 |a texto  |b txt  |2 rdacontenido 
337 |a sin mediación  |b n  |2 rdamedio 
338 |a volumen  |b nc  |2 rdasoporte 
520 |a Relación de los estudiantes del Instituto de Ciencias que participaron en las excursiones convocadas por el Club de Alpinismo de la institución, entre 1956 y 1966. De cada excursión que se hizo, aparece incluido el lugar que se visitó, la fecha en que sucedió, y los apellidos y sus respectivos grados y salones de quienes participaron. 
649 |a XX 
650 |a Alpinistas Jaliscienses -  |x Catálogos 
650 |a Alpinistas Mexicanos -  |x Catálogos 
650 |a Alpinismo -  |z Guadalajara, Jalisco -  |x Tema Principal 
650 |a Alpinismo -  |z México 
650 |a Instituto de Ciencias -  |z Guadalajara, Jalisco -  |x Catálogos 
650 |a Educación -  |z Guadalajara, Jalisco 
650 |a Educación -  |z Jalisco 
650 |a Educación -  |z México 
650 |a Deportes -  |z Guadalajara, Jalisco -  |x Historia 
650 |a Deportes -  |z México -  |x Historia 
910 |a Fondo Jesús Gómez Fregoso S.J. ITE 
920 |a Impresos - Libros 
930 |a Libros Antiguos y Raros 
905 |a 138 
901 |a 0500327206  |b IT2  |c LRA  |i D69630  |u 20250526 
902 |a https://opac.biblio.iteso.mx/vufind/Record/000566662